| 000 | 00590nam a2200181 a 4500 | ||
|---|---|---|---|
| 008 | 120416s1987 ||||||||||||||||| || u | ||
| 020 | _a1850911916 | ||
| 050 | _aHD 50 Jen | ||
| 100 | _aJenks, James M | ||
| 245 | 1 | 0 | _aDon't do delegate! |
| 246 | _athe secret power of successful managers | ||
| 260 |
_aLondon _bKogan Page _c1987 |
||
| 300 | _a174p. | ||
| 350 | _a0.00 | ||
| 650 | 0 | _aMANAGEMENT | |
| 650 | _aSUCCESSFUL MANAGERS | ||
| 995 |
_D0.00 _FCBU-MAIN LIBRARY (Kitwe) _H1 _I5.95 _M1 _UAVAILABLE _ZMain Library Open Access Collection |
||
| 999 |
_c40459 _d40459 |
||